Roční období /

Hlavní autor: Blexbolex, 1966-
Jazyk: Čeština
Vydáno: Praha : Baobab, 2013
Témata:
Fyzický popis: [176] s. : vše barev. il. ; 27 cm
Knihy
Uloženo v:
LEADER 01240cam a2200385 a 4500
001 nkc20132485909
003 CZ PrNK
005 20131010152816.0
007 ta
008 130719s2013 xr a b 000 0 cze d
015 |a cnb002485909 
020 |a 978-80-87060-72-8  |q (váz.) 
035 |a (OCoLC)862712899 
040 |a KLG001  |b cze  |d ABA001 
041 1 |a cze  |h fre 
072 7 |a 821-93  |x Literatura pro děti a mládež (beletrie)  |2 Konspekt  |9 26 
080 |a 821-93  |2 MRF 
080 |a "321/324"  |2 MRF 
080 |a (084.11)  |2 MRF 
100 0 |a Blexbolex,  |d 1966-  |7 jo2009532165  |4 ill 
245 1 0 |a Roční období /  |c Blexbolex 
260 |a Praha :  |b Baobab,  |c 2013 
300 |a [176] s. :  |b vše barev. il. ;  |c 27 cm 
500 |a Přeloženo z francouzštiny? 
650 0 7 |a roční období  |7 ph125283  |2 czenas 
650 0 9 |a seasons  |2 eczenas 
655 7 |a obrazové publikace  |7 fd132947  |2 czenas 
655 7 |a publikace pro děti  |7 fd133156  |2 czenas 
655 9 |a pictorial works  |2 eczenas 
655 9 |a children's literature  |2 eczenas 
910 2 |a BOA001  |b 3-1309.878 
990 |a BK 
995 |a 01 
991 |b 201310  |c NOV  |e dn 
996 6 |b 2610563286  |c 3-1309.878  |l MZK  |r Sklad / do 1 hodiny  |n 3  |p p.v.  |w 001364504  |u 000010  |a 1  |e BOA001  |j MZK50  |s P